000 00610nam a2200229Ia 4500
003 OSt
005 20221007063236.0
006 a|||||r|||| 00| 0
007 ta
008 221006b |||||||| |||| 00| 0 eng d
024 _a14,805
037 _cTextual
040 _aFLL
_cFLL
_beng
041 _2eng
_aeng
082 _aX:9:Z2y7, J4
100 _aDamle D.G. Au.
_9683956
245 0 _aLabour adjudiciations in india
260 _aBombay
_bOrient longmans ltd. India
_c1954
300 _a1051p
_ccm.
942 _hX:9:Z2y7, J4
_cTEXL
_2CC
999 _c1130784
_d1130784